Spôsob zhutnenia a následné zváranie elektrických vodičov a zariadenie na vykonávanie tohto spôsobu. H01R 43/02 patentové spisy

Bibliographic Details
Main Author: Steiner, Ernst (Author)
Format: Book
Language:Undetermined
Published: Banská Bystrica Úrad priemyselného vlastníctva SR 2004
Subjects:

MARC

LEADER 00000nam a2200000 a 4500
001 vtls001478168
003 SK-MaSNL
005 20260301203818.0
008 240318s2004 xo 0 und
035 |a SNK000433468 
040 |a SNK  |b slo  |c SNK  |e AACR2 
044 |a xo  |c SK 
100 1 |a Steiner, Ernst  |4 aut  |9 587800 
245 1 0 |a Spôsob zhutnenia a následné zváranie elektrických vodičov a zariadenie na vykonávanie tohto spôsobu. H01R 43/02  |b patentové spisy 
260 |a Banská Bystrica  |b Úrad priemyselného vlastníctva SR  |c 2004 
655 7 |a patentové spisy  |2 SNK  |9 63387 
999 |c 903996  |d 905926 
952 |t P60, <03>, [BOOK], {603}  |a SNK  |b SNK  |y PREZ  |7 0  |p 17A0435802  |o snkSK 283882  |i snkPS 363/2004  |0 0  |1 0  |4 0  |d 2004-07-09  |l 0  |r 2005-01-02 00:00:00  |w 2026-02-24